| 000 | 00566nam a22001937a 4500 | ||
|---|---|---|---|
| 005 | 20251108165359.0 | ||
| 008 | 250721s2001 xx 000 0 ara d | ||
| 082 | 1 | 4 | _a615.32/تدا |
| 100 | 1 |
_aيعقوب، سليمان غازي _eمشرف |
|
| 245 | 1 | 0 | _aالاعشاب والنباتات / |
| 250 | _aط2 | ||
| 264 | 1 |
_aعمان : _bمؤسسة غازي للخدمات التجارية، _c2001. |
|
| 300 | _a32ص. | ||
| 650 | 1 | 7 | _aالنباتات الطبية |
| 650 | 1 | 7 | _aالأعشاب |
| 650 | 1 | 7 | _aالصيدلة |
| 942 |
_2ddc _cBK |
||
| 999 |
_c26518 _d26518 |
||